10 Bigest Cities in Niger - Statistics

General Stats
  • This quiz has been taken 55 times
  • The average score is 3 of 10
Answer Stats
Population City % Correct
775 000 Niamey
100%
125 000 Agadez
48%
190 000 Zinder
48%
165 000 Maradi
34%
50 000 Dosso
21%
80 000 Tahoua
21%
50 000 Birni N Konni
10%
35 000 Tessaoua
10%
35 000 Gaya
7%
90 000 Alaghsas
0%
No matching quizzes found
Score Distribution
Percent of People with Each Score
Percentile by Number Answered
Your Score History
You have not taken this quiz